000 00469cam a2200193ua 4500
001 3404
005 20260515113655.0
008 111022n ii |||gr||||Z||||||asm
040 _cMAIN
082 _a891.4513
100 1 _aGoswami, Saratchandra,
_eAuthor.
245 1 1 _aPanipath
_cby Saratchandra Goswami
250 _a2nd.
260 _aJorhat:
_bAssam sahitya sabha,989.
300 _a132p:
_c23cm.
653 _aAssamese novel
653 _aPanipath
942 _cBK
999 _c3246
_d3246